|
|
|
|
| LEADER |
00000cam a2200000 7i4500 |
| 001 |
0000031142 |
| 005 |
20260107.0 |
| 008 |
251121s2024 my a 0 eng d |
| 040 |
|
|
|a INS
|b eng
|c INS
|e rda
|
| 090 |
0 |
0 |
|a RESEARCH 434
|
| 100 |
0 |
|
|a Sharifah Zubaidah Syed Abdul Kader ,
|e researcher
|
| 245 |
1 |
2 |
|a A study on the relevancy of climate change policy and law towards real estate value, NAPREC (R&D) 18/24
|c Prof. Dr. Sharifah Zubaidah Binti Syed Abdul Kader (Project Leader), Assoc. Prof. Dr. Maizatun Binti Mustafa, Assoc. Prof. Dr. Wan Mohd. Zulhafiz Wan Zahari, Dr. Noor Suzilawati Binti Rabe, Dr. Rahmawati Mohd Yusoff (International Islamic University Malaysia)
|
| 264 |
|
0 |
|a Kajang :
|b The National Property Research Coordinator (NAPREC), National Institute of Valuation (INSPEN)
|c 2025
|
| 300 |
|
|
|a xiv, 159 pages :
|b illustrations ;
|c 30 cm.
|
| 336 |
|
|
|a text
|2 rdacontent
|
| 337 |
|
|
|a unmediated
|2 rdamedia
|
| 338 |
|
|
|a volume
|2 rdacarrier
|
| 500 |
|
|
|a NAPREC (R&D) 18/2024
|
| 504 |
|
|
|a Includes bibliographical references
|
| 536 |
0 |
0 |
|a Research Project Funded by: The National Property Research Coordinator (NAPREC), National Institute of Valuation (INSPEN), Valuation and Property Services Department (JPPH), Ministry of Finance, Malaysia
|
| 650 |
|
0 |
|a Climatic changes
|x Law and legislation
|z Malaysia
|
| 650 |
|
0 |
|a Environmental policy
|z Malaysia
|
| 650 |
|
0 |
|a Real property
|x Valuation
|z Malaysia
|
| 700 |
0 |
|
|a Maizatun Mustafa ,
|e researcher
|
| 700 |
0 |
|
|a Noor Suzilawati Rabe ,
|e researcher
|
| 700 |
0 |
|
|a Rahmawati Mohd Yusoff ,
|e researcher
|
| 700 |
0 |
|
|a Wan Mohd. Zulhafiz Wan Zahari ,
|e researcher
|
| 710 |
2 |
|
|a Institut Penilaian Negara (Malaysia)
|e sponsoring
|
| 710 |
2 |
|
|a National Property Research Coordinator (Malaysia)
|
| 999 |
|
|
|a RES0000755
|
| 999 |
|
|
|a RES0000755
|b BOOK
|c Research By JPPH Staff
|e Default branch
|
| 999 |
|
|
|a RES0000756
|
| 999 |
|
|
|a RES0000756
|b BOOK
|c Reference
|e Default branch
|